Низкотемпературное термическое разложение кристаллов азида серебра: автореферат диссертации на соискание ученой степени кандидата химических наук; Спец.: 02.00.04

Бібліографічні деталі
Автор: Гасанова В. И. Виталина Ивановна
Співавтор: Кемеровский государственный университет
Інші автори: Крашенинин В. И. Виктор Иванович (научный руководитель)
Мова:Російська
Опубліковано: Кемерово, Кузбассвузиздат, 2004
Предмети:
Формат: Книга
KOHA link:https://koha.lib.tpu.ru/cgi-bin/koha/opac-detail.pl?biblionumber=78870

MARC

LEADER 00000nam0a2200000 4500
001 78870
005 20231101213023.0
035 |a (RuTPU)RU\TPU\book\84701 
090 |a 78870 
100 |a 20050705d2004 k y0rusy50 ca 
101 0 |a rus 
102 |a RU 
105 |a a dm 001zy 
200 1 |a Низкотемпературное термическое разложение кристаллов азида серебра  |e автореферат диссертации на соискание ученой степени кандидата химических наук  |e Спец.: 02.00.04  |f В. И. Гасанова  |g Кемеровский государственный университет; науч. рук.: В. И. Крашенинин 
210 |a Кемерово  |c Кузбассвузиздат  |d 2004 
215 |a 18 с.  |c ил. 
320 |a Библиогр.: с. 17 
606 1 |a Кристаллы  |x Термическое разложение  |2 stltpush  |3 (RuTPU)RU\TPU\subj\80337  |9 88062 
610 1 |a физическая химия 
610 1 |a термохимия 
610 1 |a низкотемпературное термическое разложение 
610 1 |a кристаллы 
610 1 |a азид серебра 
610 1 |a авторефераты диссертаций 
675 |a 548.58(04)  |v 3 
686 |a 02.00.04  |2 oksvnk 
700 1 |a Гасанова  |b В. И.  |g Виталина Ивановна 
702 1 |a Крашенинин   |b В. И.  |g Виктор Иванович  |4 727 
712 0 2 |a Кемеровский государственный университет  |2 stltpush  |3 (RuTPU)RU\TPU\col\402 
801 1 |a RU  |b 63413507  |c 20050705  |g PSBO 
801 2 |a RU  |b 63413507  |c 20200825  |g PSBO 
942 |c BK